000 00598nam a2200217Ia 4500
003 OSt
005 20220928143040.0
006 a|||||r|||| 00| 0
007 ta
008 220927b |||||||| |||| 00| 0 eng d
024 _a20689
037 _cTextual
040 _aSDCL
_cSDCL
_beng
041 _2eng
_aeng
082 _aW691y7M18:g(R5), L3
100 _aVasquez Adolfo Sanchez
_9504318
245 0 _aArt and society
_b Essays in Marxist Aesthetics
260 _c1973
942 _hW691y7M18:g(R5), L3
_cTEXL
_2CC
999 _c822787
_d822787